| 000 | 00617nam a2200217 i 4500 | ||
|---|---|---|---|
| 001 | bg | ||
| 100 | 1 | _aPIKOŃ, Andrzej | |
| 245 | 1 | 0 |
_aAutoCAD 2005 / _cAndrzej Pikoń. |
| 260 |
_aGliwice : _b"Helion", _ccop. 2005. |
||
| 300 |
_a1264, XXVIII s. : _brys., tab., wykr. ; _c24 cm + _e3 x CD ROM. |
||
| 650 | 9 | _aAutoCAD | |
| 655 | _aPodręczniki | ||
| 020 | _a8373615830 | ||
| 040 | _cBPK | ||
| 041 | 0 | _apol | |
| 080 | _a004.42:004.92](07) | ||
| 920 | _a83-7361-583-0 | ||
| 942 | _cKS | ||
| 008 | s pl f |000 0 pol | ||
| 999 |
_c46023 _d46023 |
||
| 856 |
_uhttp://koha.tu.koszalin.pl/cgi-bin/koha/opac-detail.pl?biblionumber=46023 _yKatalog online BPK |
||